Detalles MARC
| 000 -LEADER |
| fixed length control field |
01750nam a2200361 a 4500 |
| 005 - FECHA ULTIMA MODIFICACION |
| control field |
20240412131540.0 |
| 008 - CAMPO DE CONTROL (LIBRO) |
| fixed length control field |
100309t1987||||ag 0f0 S S1 S spa d |
| 020 ## - INTERNATIONAL STANDARD BOOK NUMBER |
| ISBN |
9502303628 |
| 041 ## - CODIGO DE IDIOMA |
| Código de idioma del texto/pista de sonido o título separado |
spa |
| 092 ## - SIGNATURA TOPOGRAFICA DEWEY LOCAL |
| número de clasificación |
323.4 |
| libristica |
10 |
| sección |
CAR |
| 100 1# - ENTRADA PRINCIPAL--NOMBRE PERSONAL |
| Nombre personal |
Carrió, Genaro R. |
| 9 (RLIN) |
3158 |
| 245 #3 - TITULO PROPIAMENTE DICHO |
| Título |
El Sistema Americano de Derechos Humanos / |
| Mención de responsabilidad y remanente de la transcripción de la portada |
Genaro R. Carrió |
| 250 ## - MENCION DE EDICION |
| Mención de edición |
1a ed. |
| 260 ## - PIE DE IMPRENTA |
| Lugar de publicación, distribución, etc |
Buenos Aires: |
| Nombre de la editorial, distribuidor, etc |
EUDEBA; |
| Fecha de publicación |
1987. |
| 300 ## - DESCRIPCION FISICA |
| Extension |
96 p. |
| 500 ## - NOTA GENERAL |
| Nota general |
Carrió, G. R. (1987). El sistema americano de Derechos Humanos. (1a ed.). Buenos Aires : EUDEBA. |
| 590 ## - NOTAS LOCALES (RLIN) |
| Nota local |
Donación Dora Vera, febrero 2017 |
| 653 ## - TÉRMINO INDIZADO - PALABRAS CLAVES |
| Palabra clave |
Declaracion americana de los derechos y deberes del hombre y la Carta de la OEA |
| 653 ## - TÉRMINO INDIZADO - PALABRAS CLAVES |
| Palabra clave |
Antecedenetes de la Comision Interamericana de Derechos Humanos |
| 653 ## - TÉRMINO INDIZADO - PALABRAS CLAVES |
| Palabra clave |
Ampliacion de las facultades y funciones de la Comision |
| 653 ## - TÉRMINO INDIZADO - PALABRAS CLAVES |
| Palabra clave |
Comision y la Carta de la OEA |
| 653 ## - TÉRMINO INDIZADO - PALABRAS CLAVES |
| Palabra clave |
Convencion Americana de Derechos Humanos |
| 653 ## - TÉRMINO INDIZADO - PALABRAS CLAVES |
| Palabra clave |
Organos de proteccion de los Derechos Humanos segun la convencion: Convencion Interamericana, Corte Interamericana |
| 653 ## - TÉRMINO INDIZADO - PALABRAS CLAVES |
| Palabra clave |
Coordinacion de las funciones de la Corte y la Comision |
| 653 ## - TÉRMINO INDIZADO - PALABRAS CLAVES |
| Palabra clave |
Breve reseña de los casos salientes de tutela internacional de los derechos humanos en el marco de la OEA |
| 653 ## - TÉRMINO INDIZADO - PALABRAS CLAVES |
| Palabra clave |
Documento 1: Declaracion americana de los derechos y deberes del hombre |
| 653 ## - TÉRMINO INDIZADO - PALABRAS CLAVES |
| Palabra clave |
Documento 2: Estatuto de la Comision Interamericana de derechos humanos |
| 653 ## - TÉRMINO INDIZADO - PALABRAS CLAVES |
| Palabra clave |
Documento 3: Convension americana sobre derechos humanos |
| 653 ## - TÉRMINO INDIZADO - PALABRAS CLAVES |
| Palabra clave |
Declaraciones y reservas |
| 653 ## - TÉRMINO INDIZADO - PALABRAS CLAVES |
| Palabra clave |
Documento 4: Raul Ricardo Alfonsin, presidente de la Nacion Argentina |
| 653 ## - TÉRMINO INDIZADO - PALABRAS CLAVES |
| Palabra clave |
Documento 5: Estatuto de la Corte Interamericana de derechos humanos |
| 942 ## - ADDED ENTRY ELEMENTS (KOHA) |
| Source of classification or shelving scheme |
Dewey Decimal Classification |
| Item type |
Libros |